000 00616nam a2200181Ia 4500
003 GCL
005 20240530105347.0
008 140319s9999 xx 000 0 ara d
040 _aGCL /
_cGCL
082 0 4 _a375.001
_bخ م
100 1 _aتوما جورج خورى
245 1 0 _aالمناهج التربوية: مرتكزاتها, تطويرها, وتطبيقاتها /
_cتوما جورج خورى
260 _a[S.N] :
_bالمؤسسة الجامعية للدراسات والنشر والتوزيع ،
_c1988
300 _a276 ص
650 0 4 _aالتعليم
650 0 4 _aالمناهج
942 _2ddc
_cBK
999 _c55287
_d55287